000 00639nam a2200241Ia 4500
003 OSt
005 20221005092659.0
006 a|||||r|||| 00| 0
007 ta
008 221004b |||||||| |||| 00| 0 eng d
024 _a76063
037 _cTextual
040 _aCRL
_cCRL
_beng
041 _2eng
_aeng
082 _aQ:31x, K5
100 _aMiller J. Hillis
245 0 _aDisappearance of God
_b Five nineteenth-centure writers
260 _aNew York
_bSchocken Books USA
_c1965
300 _a367p.
_ccm.
650 _aRELIGION
942 _hQ:31x, K5
_cTEXL
_2cc
999 _c999193
_d999193